| 000 | 00880nam a2200349 a 4500 | ||
|---|---|---|---|
| 003 | AR-BaBNM | ||
| 005 | 20251128204137.0 | ||
| 008 | 082120s2002 ||||||||||||||000 | spa|| | ||
| 040 | _cAR-BaBNM | ||
| 100 | 1 | _aSartre, Jean-Paul | |
| 245 | 0 | 0 | _aLa República del silencio |
| 250 | _a3ª ed. | ||
| 260 |
_aBuenos Aires _bLosada _c1968 |
||
| 300 | _a198 p. | ||
| 490 | 0 | _aCristal del tiempo | |
| 650 | 4 | _aSOCIOLOGIA CULTURAL | |
| 650 | 4 | _aPERIODISMO | |
| 650 | 4 | _aLITERATURA FRANCESA | |
| 650 | 4 | _aESCRITORES | |
| 650 | 4 | _aCRITICA LITERARIA | |
| 650 | 4 | _aEXISTENCIALISMO | |
| 650 | 4 | _aFILOSOFIA LITERARIA | |
| 650 | 4 | _aESTUDIOS CULTURALES | |
| 650 | 4 | _aSOCIOLOGIA POLITICA | |
| 651 | 4 | _aFrancia | |
| 651 | 4 | _aEstados Unidos | |
| 653 | _aNARRATIVA | ||
| 655 | _aLITERATURA | ||
| 700 | 1 |
_aBixio, Alberto Luis _etraductor |
|
| 942 | _cBK | ||
| 998 | _cMARTIN | ||
| 999 |
_c6347 _d6347 |
||